000 00380nam a2200145Ia 4500
008 230711s9999||||xx |||||||||||||| ||und||
041 _aENG
082 _a624
_bCA-W
100 _aCamm,FJ
245 0 _aWorkshop calculations table and formulae
250 _a1st
260 _c1990
_aNew Delhi
_bD. B. Taraporevala Sons & Co. Pvt.Ltd
650 _aMechanical Engineering
942 _cBK
999 _c229
_d229